| 000 | 00820nam a2200289Ia 4500 | ||
|---|---|---|---|
| 001 | 7400 | ||
| 005 | 20240113234013.0 | ||
| 007 | ta | ||
| 008 | 050705s1987 a g b000 u eng u | ||
| 020 | _a0-7102-1171-6 | ||
| 040 | _aCotton College,Assam | ||
| 041 | _aeng | ||
| 082 |
_a320.1 _bKu 964 Po |
||
| 100 | _aKuper, Jessica . | ||
| 245 | 0 |
_aPolitical Science and Political Theory / _cJessica Kuper. _hTextual Documents |
|
| 250 | _a1st ed. / | ||
| 260 |
_aNew York : _bRoutledge & Kegan Publishers , _c1987. |
||
| 300 |
_axxv, 275p. : _bill. ; _c18cm . |
||
| 440 | _aSocial Science Lexicons, | ||
| 490 | _aSocial Science Lexicons, | ||
| 653 | _aPolitical Science | ||
| 653 | _aPolitical Theories | ||
| 653 | _aPG-Political Science | ||
| 942 |
_2ddc _cBK |
||
| 999 |
_c7387 _d7387 |
||